000 00405pab a2200145 454500
008 180718b2008 xxu||||| |||| 00| 0 eng d
100 _aSingh, Abha Lakshmi
245 _aUnsafe urban sanitation and its effect on health: a case of low income households
260 _c2008
300 _ap.13-20.
650 _aSanitation
773 _aIndian Journal of Regional Science
908 _aN
909 _a79366
999 _c79366
_d79366